[Event "Riga Old Town Pullman 3rd"]
[Site "Riga"]
[Date "2020.02.29"]
[Round "6"]
[White "Krivonosov, Oleg"]
[Black "Hellers, Ferdinand"]
[Result "1/2-1/2"]
[WhiteElo "2395"]
[BlackElo "2592"]
[PlyCount "71"]
[EventDate "2020.02.29"]
[EventType "swiss"]
[EventRounds "9"]
[EventCountry "LAT"]
[SourceTitle "CBM 195 Extra"]
[Source "ChessBase"]
[SourceDate "2020.05.31"]
[SourceVersion "1"]
[SourceVersionDate "2020.05.31"]
[SourceQuality "1"]

1. Nf3 Nf6 2. c4 g6 3. Nc3 Bg7 4. e4 d6 5. d4 0-0 6. Be2 e5 7. dxe5 dxe5 8. Qxd8 Rxd8 9. Bg5 Re8 10. Nd5 Nxd5 11. cxd5 c6 12. Bc4 cxd5 13. Bxd5 Nd7 14. Nd2 Nc5 15. 0-0-0 Be6 16. Bxe6 Nxe6 17. Be3 Bf8 18. Kb1 Bc5 19. Nc4 Bxe3 20. Nxe3 Rad8 21. Rxd8 Rxd8 22. Rc1 Rd4 23. Rc8+ Kg7 24. Rb8 Nc5 25. f3 Rd2 26. Rc8 b6 27. b4 Ne6 28. Rc2 Rd3 29. Nc4 f6 30. Rd2 Rxd2 31. Nxd2 Nf4 32. g3 Ne6 33. Kc2 Kf7 34. Kd3 b5 35. Nb3 Ke7 36. Ke3 1/2-1/2

[Event "PRO League Stage"]
[Site "Chess.com INT"]
[Date "2020.02.12"]
[Round "6"]
[White "Gajewski, Grzegorz"]
[Black "Hellers, Ferdinand"]
[Result "1-0"]
[WhiteElo "2614"]
[BlackElo "2592"]
[PlyCount "49"]
[EventDate "2020.01.06"]
[EventType "team-swiss (rapid)"]
[EventRounds "7"]
[EventCountry "USA"]
[SourceTitle "CBM 194 Extra"]
[Source "ChessBase"]
[SourceDate "2020.03.31"]
[SourceVersion "1"]
[SourceVersionDate "2020.03.31"]
[SourceQuality "1"]
[WhiteTeam "Poland Hussars"]
[BlackTeam "Sweden Wasabis"]
[WhiteTeamCountry "POL"]
[BlackTeamCountry "SWE"]

1. e4 e5 2. Nf3 Nf6 3. Nxe5 d6 4. Nf3 Nxe4 5. d4 d5 6. Bd3 Nc6 7. 0-0 Be7 8. Re1 Bg4 9. Nbd2 Nxd2 10. Qxd2 Bxf3 11. gxf3 Nxd4 12. Qe3 Ne6 13. Bf5 Qd7 14. Bd2 0-0 15. Bc3 Rae8 16. Rad1 c6 17. Kh1 Qd6 18. Rg1 g6 19. Be5 d4 20. Qe4 Nc5 21. Qf4 Qd5 22. c4 Bg5 23. cxd5 Bxf4 24. Bxf4 Re2 25. Bd6 1-0